| 000 -LEADER |
| fixed length control field |
00335nam a2200145Ia 4500 |
| 008 - FIXED-LENGTH DATA ELEMENTS--GENERAL INFORMATION |
| fixed length control field |
210215s9999 xx 000 0 und d |
| 020 ## - INTERNATIONAL STANDARD BOOK NUMBER |
| International Standard Book Number |
8122416462 |
| 082 ## - DEWEY DECIMAL CLASSIFICATION NUMBER |
| Classification number |
615.5 |
| Item number |
BAL-P |
| 100 ## - MAIN ENTRY--PERSONAL NAME |
| Personal name |
BALLINGTON DON -A |
| 245 #0 - TITLE STATEMENT |
| Title |
PHARMACOLOGY PRACTICE FOR TECHNICIANS |
| 250 ## - EDITION STATEMENT |
| Edition statement |
2ND |
| 260 ## - PUBLICATION, DISTRIBUTION, ETC. |
| Name of publisher, distributor, etc. |
NEW AGE |
| 300 ## - PHYSICAL DESCRIPTION |
| Extent |
482 |
| 942 ## - ADDED ENTRY ELEMENTS (KOHA) |
| Koha item type |
Book |